| 000 | 00432nam a2200145 a 4500 | ||
|---|---|---|---|
| 001 | 000032987 | ||
| 005 | 20240614093609.0 | ||
| 008 | 110805s1912 dr 000 0 spa d | ||
| 040 |
_aDO-SdBNP _bspa _cBNPHU |
||
| 082 |
_axxx _bG216p |
||
| 100 | 1 |
_aGarcía Godoy, Federico, _d1857-1924 _91669 |
|
| 245 | 1 | 0 |
_aPáginas efímeras / _cF. García Godoy. |
| 260 |
_aSanto Domingo : _bLa cuna de América, _c1912. |
||
| 300 |
_a346 p. ; _c19 cm. |
||
| 999 |
_c32478 _d32478 |
||